1405 1629 1565 1125 1706 1923 1163 1269 1524 1799 1680 1673 1310 1887 1968 1706 1626 1327 1248 1324 1581 1173 1633 1354 1497 1087 1821 1564 1351 1430 1334 1692 1471 1151 1471 1675 1721 1795 1291 1510 1301 1966 1359 1253 1981 1028 1819 1275 1738 1009 1901 1259 1532 1977 1203 1611 1084 1627 1105 1152 1562 1401 1901 1671 1102 1846 1364 1626 1159 1720 1088 1867 1908 1616 1372 1099 1949 1315 1177 1487 1667 1283 1438 1928 1511 1960 1979 1772 1319 1901 1155 1627 1501 1953 1929 1958 1773 1627 1150 BCNSPRNW ULIB Ver.6.0+V

เปลี่ยนเป็นภาษาไทย

Change to English
 แสดงรายละเอียดบรรณานุกรม
  กลับหน้าหลัก

Brief Record : Get Marc (ISO 2709) : E-mail record : QR code < ปิดหน้าต่าง
LEADER : 00000nam 2200000uu 4500
001    13399114052
003     ULIB
008    111128s2552||||th 000 0 tha d
020    ^a9786110600170
090    ^aนว.^bน319ช 2552
100 0  ^aซินฉ่ง
245 00 ^aชายาลับ/^cซินฉ่ง
250    ^aพิมพ์ครั้งที่ 1
260    ^aกรุงเทพฯ :^bแจ่มใส,^c2552
300    ^a202 หน้า
700 0  กระบี่หลงทิศ ;^eแปล
710 1  ^aแจ่มใส
945    ^p0^l0^i16430
995    ^aทศพร
999    ^aใช้งานได้ทุกระบบ
รายการนี้ยังไม่มีแท็ก
คุณยังไม่ได้ล็อกอิน คุณสามารถมีกิจกรรมร่วมกับเว็บไซต์ได้ แต่ต้องล็อกอินก่อน ::
  ล็อกอิน

รายการสื่อสารสนเทศ

ลำดับที่ ประเภท เลขเรียก/บาร์โค้ด สถานที่ สถานะ
1. นวนิยาย
นวนิยาย
นว. น319ช 2552  
  Barcode: 16430
ห้องสมุดวิทยาเขตสวรรค์ประชารักษ์
►นวนิยาย
บนชั้น
  ขอยืม

รายการใกล้เคียง
    ผู้แต่ง [ซินฉ่ง]

BibComment


ยังไม่เคยถูกคอมเมนท์

คอมเมนท์ทรัพยากรรายการนี้
  คอมเมนท์: ชายาลับ ซินฉ่ง


 Copyright 2026. Bcnsprnw @Library